| 000 | 00550nam a22001817a 4500 | ||
|---|---|---|---|
| 003 | OSt | ||
| 005 | 20250929053335.0 | ||
| 008 | 250929b |||||||| |||| 00| 0 eng d | ||
| 040 |
_aDWCL-Main lib _cOC |
||
| 082 | _aCirc. 641.5978 L579 1971 | ||
| 100 | _aLeonard, Jonathan Norton | ||
| 245 |
_aAmerican cooking: _b the great west/ |
||
| 260 |
_aCanada: _b Time Inc., _cc1917 |
||
| 300 |
_a 208 pages: _bcolor illustrations _c28cm. |
||
| 504 | _aincludes index. | ||
| 650 | _a1. Cooking, American-southwestern style | ||
| 942 |
_2ddc _cBK-CIRC _kCirc. _n0 |
||
| 999 |
_c4538 _d4538 |
||